|
|
|
|
| LEADER |
02706nam a2200673 4500 |
| 001 |
ocn828423641 |
| 003 |
OCoLC |
| 005 |
20170124071531.2 |
| 006 |
m o d |
| 007 |
cr cnu---unuuu |
| 008 |
130225s2011 enka ob 001 0 eng d |
| 040 |
|
|
|a N$T
|b eng
|e pn
|c N$T
|d TEFOD
|d DG1
|d OCLCF
|d IDEBK
|d OCLCO
|d E7B
|d OCLCO
|d YDXCP
|d DEBBG
|d TEFOD
|d OCLCQ
|d OCLCO
|d COO
|d OCLCO
|d OCLCQ
|d OCLCO
|d LOA
|d OCLCO
|d OCLCQ
|d GrThAP
|
| 019 |
|
|
|a 842860158
|a 960201460
|a 961601060
|a 962586017
|
| 020 |
|
|
|a 9781118602836
|q (electronic bk.)
|
| 020 |
|
|
|a 1118602838
|q (electronic bk.)
|
| 020 |
|
|
|a 9781118602850
|q (electronic bk.)
|
| 020 |
|
|
|a 1118602854
|q (electronic bk.)
|
| 020 |
|
|
|a 9781118602911
|q (electronic bk.)
|
| 020 |
|
|
|a 1118602919
|q (electronic bk.)
|
| 020 |
|
|
|a 1299187803
|q (ebk)
|
| 020 |
|
|
|a 9781299187801
|q (ebk)
|
| 020 |
|
|
|z 9781848213128
|
| 020 |
|
|
|z 1848213123
|
| 029 |
1 |
|
|a CHBIS
|b 010026706
|
| 029 |
1 |
|
|a CHVBK
|b 306240254
|
| 029 |
1 |
|
|a DEBBG
|b BV041907973
|
| 029 |
1 |
|
|a DEBBG
|b BV043395488
|
| 029 |
1 |
|
|a DKDLA
|b 820120-katalog:000696490
|
| 029 |
1 |
|
|a NZ1
|b 15922008
|
| 029 |
1 |
|
|a NZ1
|b 16097847
|
| 035 |
|
|
|a (OCoLC)828423641
|z (OCoLC)842860158
|z (OCoLC)960201460
|z (OCoLC)961601060
|z (OCoLC)962586017
|
| 037 |
|
|
|a 450030
|b MIL
|
| 037 |
|
|
|a 08BBDECD-74DE-43CD-9BCA-9E495B666564
|b OverDrive, Inc.
|n http://www.overdrive.com
|
| 050 |
|
4 |
|a TK5105.5
|b .B656 2011eb
|
| 072 |
|
7 |
|a TEC
|x 041000
|2 bisacsh
|
| 082 |
0 |
4 |
|a 621.382
|2 23
|
| 049 |
|
|
|a MAIN
|
| 100 |
1 |
|
|a Bonald, Thomas.
|
| 245 |
1 |
0 |
|a Network performance analysis /
|c Thomas Bonald, Mathieu Feuillet.
|
| 264 |
|
1 |
|a London :
|b ISTE ;
|c 2011.
|
| 264 |
|
1 |
|a Hoboken, NJ :
|b John Wiley,
|c 2011.
|
| 300 |
|
|
|a 1 online resource (xii, 253 pages) :
|b illustrations
|
| 336 |
|
|
|a text
|b txt
|2 rdacontent
|
| 337 |
|
|
|a computer
|b c
|2 rdamedia
|
| 338 |
|
|
|a online resource
|b cr
|2 rdacarrier
|
| 504 |
|
|
|a Includes bibliographical references and index.
|
| 588 |
0 |
|
|a Print version record.
|
| 650 |
|
0 |
|a Computer networks
|x Evaluation.
|
| 650 |
|
0 |
|a Network performance (Telecommunication)
|
| 650 |
|
0 |
|a Queuing theory.
|
| 650 |
|
7 |
|a TECHNOLOGY & ENGINEERING
|x Telecommunications.
|2 bisacsh
|
| 650 |
|
7 |
|a Computer networks
|x Evaluation.
|2 fast
|0 (OCoLC)fst00872312
|
| 650 |
|
7 |
|a Network performance (Telecommunication)
|2 fast
|0 (OCoLC)fst01036230
|
| 650 |
|
7 |
|a Queuing theory.
|2 fast
|0 (OCoLC)fst01085713
|
| 655 |
|
4 |
|a Electronic books.
|
| 700 |
1 |
|
|a Feuillet, Mathieu.
|
| 776 |
0 |
8 |
|i Print version:
|a Bonald, Thomas.
|t Network performance analysis.
|d London : ISTE ; Hoboken, NJ : John Wiley, 2011
|z 9781848213128
|w (DLC) 2011026541
|w (OCoLC)742234193
|
| 856 |
4 |
0 |
|u https://doi.org/10.1002/9781118602911
|z Full Text via HEAL-Link
|
| 994 |
|
|
|a 92
|b DG1
|